The commercial law of Malaysia
| Main Author: | |
|---|---|
| Other Authors: | |
| Format: | Book |
| Published: |
Kuala Lumpur :
Heinemenn Education Books ,
1979
|
| Subjects: |
MARC
| LEADER | 00000cam a2200000 7i4500 | ||
|---|---|---|---|
| 001 | 0000002753 | ||
| 005 | 20050415.0 | ||
| 040 | |a INS | ||
| 090 | 0 | 0 | |a HF1372.6. |b W6 1979 |
| 100 | 0 | |a Wu Min Aun | |
| 245 | 1 | 4 | |a The commercial law of Malaysia |c Wu Min Aun and Beatrix Vohrah |
| 260 | |a Kuala Lumpur : |b Heinemenn Education Books , |c 1979 | ||
| 300 | |a xxii, 264p. ; |c 22 cm. | ||
| 650 | 0 | 0 | |a Commercial law |z Malaysia |x law and legislation |
| 650 | 0 | 0 | |a Trade regulation |z Malaysia |x law and legislation |
| 700 | 1 | |a Vohrah, Beatrix | |
| 999 | |a 0000000844 |b BOOK |c Open Shelf |e Default branch | ||